[Event "TUR-chT 2nd League"]
[Site "Denizli"]
[Date "2023.07.15"]
[Round "9.63"]
[White "Ozkeskin, Nazim Efe"]
[Black "Yanik, Murat"]
[Result "1-0"]
[WhiteElo "1737"]
[BlackElo "1954"]
[PlyCount "50"]
[EventDate "2023.07.09"]
[EventType "team-swiss"]
[EventRounds "9"]
[EventCountry "TUR"]
[SourceTitle "CBM 215 Extra"]
[Source "ChessBase"]
[SourceDate "2023.09.30"]
[SourceVersion "1"]
[SourceVersionDate "2023.09.30"]
[SourceQuality "1"]
[WhiteTeam "Cesme Belediye"]
[BlackTeam "Eskiseh Tasci"]
[WhiteTeamCountry "TUR"]
[BlackTeamCountry "TUR"]

1. e4 c6 2. c4 d5 3. exd5 cxd5 4. cxd5 Nf6 5. Nc3 g6 6. Bc4 Bg7 7. Nf3 0-0 8. 0-0 Nbd7 9. d3 Nb6 10. Qb3 Bg4 11. Ne5 Bf5 12. Re1 Rc8 13. h3 Nfd7 14. Nxd7 Qxd7 15. Bg5 Nxc4 16. dxc4 Rfe8 17. Rac1 b6 18. Qb4 Bf8 19. Qb5 Qc7 20. Ne4 Bd7 21. Qb3 Bg7 22. c5 bxc5 23. Rxc5 Qb6 24. Rxc8 Bxc8 25. Qxb6 axb6 1-0

[Event "TUR-chT 2nd League"]
[Site "Denizli"]
[Date "2023.07.13"]
[Round "7.54"]
[White "Yanik, Murat"]
[Black "Kaya, Emel"]
[Result "1-0"]
[WhiteElo "1954"]
[BlackElo "1912"]
[PlyCount "83"]
[EventDate "2023.07.09"]
[EventType "team-swiss"]
[EventRounds "9"]
[EventCountry "TUR"]
[SourceTitle "CBM 215 Extra"]
[Source "ChessBase"]
[SourceDate "2023.09.30"]
[SourceVersion "1"]
[SourceVersionDate "2023.09.30"]
[SourceQuality "1"]
[WhiteTeam "Eskiseh Tasci"]
[BlackTeam "Manisa Turkuaz"]
[WhiteTeamCountry "TUR"]
[BlackTeamCountry "TUR"]

1. Nf3 c5 2. g3 g6 3. Bg2 Bg7 4. e4 Nc6 5. 0-0 Nf6 6. Re1 0-0 7. c3 d5 8. e5 Ne8 9. d4 cxd4 10. cxd4 Bg4 11. Nc3 e6 12. h3 Bxf3 13. Bxf3 f6 14. Bf4 g5 15. exf6 Qxf6 16. Rxe6 Qxe6 17. Bxd5 Qxd5 18. Nxd5 gxf4 19. Nxf4 Nxd4 20. Rc1 Rd8 21. Kg2 Rf7 22. Qa4 Nc6 23. Re1 Be5 24. Nd3 Bd4 25. Re2 Nd6 26. Qb3 Kh8 27. Re6 Rf5 28. g4 Rb5 29. Qa4 Ra5 30. Qd1 Nf7 31. Qb3 Nd6 32. Re2 Rb5 33. Qa4 Ra5 34. Qb3 Rb5 35. Qe6 Bg7 36. a4 Rg5 37. f4 Nd4 38. Qe7 Re8 39. Qxe8+ Nxe8 40. Rxe8+ Bf8 41. fxg5 Kg7 42. Rb8 1-0

[Event "TUR-chT2"]
[Site "Konya"]
[Date "2018.07.14"]
[Round "7.13"]
[White "Yanik, Murat"]
[Black "Aydogan, Kubilay"]
[Result "1/2-1/2"]
[WhiteElo "1900"]
[BlackElo "1647"]
[PlyCount "150"]
[EventDate "2018.07.10"]
[EventType "team-swiss"]
[EventRounds "9"]
[EventCountry "TUR"]
[SourceTitle "EXT 2019"]
[Source "ChessBase"]
[SourceDate "2018.10.10"]
[SourceVersion "1"]
[SourceVersionDate "2018.10.10"]
[SourceQuality "1"]
[WhiteTeam "Duzce Belediye Genclik"]
[BlackTeam "Samsun Genclik"]
[WhiteTeamCountry "TUR"]
[BlackTeamCountry "TUR"]

1. e4 d6 2. d4 g6 3. Nc3 a6 4. Be3 Bg7 5. Qd2 c6 6. Nf3 Bg4 7. Be2 Nd7 8. h3 Bxf3 9. Bxf3 Rc8 10. 0-0 e6 11. Rad1 Ne7 12. Bh6 0-0 13. Rfe1 d5 14. Bxg7 Kxg7 15. Ne2 dxe4 16. Bxe4 Nf6 17. Nf4 Ned5 18. Bf3 Nxf4 19. Qxf4 Nd5 20. Qd2 Qc7 21. c4 Ne7 22. Qc3 Kg8 23. g4 Qf4 24. Re4 Qh6 25. Bg2 Nd5 26. cxd5 cxd5 27. Qe3 Qh4 28. Rf4 Rc2 29. Qb3 Rfc8 30. Rf3 h5 31. gxh5 Qxh5 32. Qxb7 R2c7 33. Qb3 Qh4 34. a4 Rc1 35. Rc3 R8xc3 36. bxc3 Qf4 37. Rxc1 Qxc1+ 38. Bf1 Qg5+ 39. Kh1 Qc1 40. Kg2 Qg5+ 41. Kf3 Qf5+ 42. Kg2 Qg5+ 43. Kh1 Qc1 44. Qb8+ Kh7 45. Kg1 Qxc3 46. Qa7 Kg7 47. Qxa6 Qxd4 48. a5 e5 49. Qd3 Qc5 50. a6 d4 51. Qb5 Qe7 52. Qb7 Qg5+ 53. Qg2 Qe7 54. Qe4 Kh6 55. f4 Qa7 56. fxe5 d3+ 57. Kg2 Qxa6 58. Bxd3 Qb6 59. Kf3 Qe6 60. Kg3 Qb6 61. Qf4+ Kg7 62. Bc4 Qg1+ 63. Kf3 Qd1+ 64. Ke3 Qc1+ 65. Kd4 Qa1+ 66. Kd5 Qa5+ 67. Kd4 Qa1+ 68. Kd5 Qa5+ 69. Ke4 Qe1+ 70. Kf3 Qd1+ 71. Kg2 Qc2+ 72. Kg3 Qc3+ 73. Kg4 f5+ 74. exf6+ Qxf6 75. Qc7+ Kh6 1/2-1/2

[Event "Troya op 25th"]
[Site "Canakkale"]
[Date "2017.08.11"]
[Round "8"]
[White "Yanik, Murat"]
[Black "Karaahmetoglu, Ege"]
[Result "0-1"]
[WhiteElo "1875"]
[BlackElo "2103"]
[PlyCount "106"]
[EventDate "2017.08.07"]
[EventType "swiss"]
[EventRounds "9"]
[EventCountry "TUR"]
[SourceTitle "CBM 179 Extra"]
[Source "ChessBase"]
[SourceDate "2017.08.23"]
[SourceVersion "1"]
[SourceVersionDate "2017.08.23"]
[SourceQuality "1"]

1. e4 e5 2. Nf3 Nc6 3. Bc4 Be7 4. c3 Nf6 5. d3 0-0 6. Bb3 h6 7. h3 d5 8. Qe2 Re8 9. Nbd2 Be6 10. Bc2 Bf8 11. Nf1 g6 12. Ng3 Bg7 13. 0-0 Nd7 14. Rd1 Qe7 15. b4 a6 16. a4 d4 17. cxd4 exd4 18. Bb2 Qxb4 19. Rdb1 Qa5 20. Ba3 b5 21. Bc1 b4 22. Nd2 Qc5 23. Nb3 Bxb3 24. Bxb3 Na5 25. Bd1 Qe7 26. f4 c5 27. Bd2 Rab8 28. Qf1 Rb6 29. Bf3 f6 30. h4 Kh8 31. Be2 Nb7 32. f5 g5 33. hxg5 fxg5 34. Re1 Ne5 35. Nh5 Bf6 36. g4 a5 37. Qh3 Nd8 38. Kf2 Ndf7 39. Rh1 Rc8 40. Rhc1 Rd6 41. Ra2 Rdd8 42. Bd1 c4 43. dxc4 Rc5 44. Be2 d3 45. Bf1 Rxc4 46. Rxc4 Nxc4 47. Bxd3 b3 48. Bxg5 Bxg5 49. Re2 Nce5 50. Bb5 Qc5+ 51. Kg2 Qc2 52. Ng3 Rd2 53. f6 Rxe2+ 0-1

[Event "Manavgat Turkey Cup"]
[Site "Manavgat"]
[Date "2016.02.04"]
[Round "9"]
[White "Sahin, Ozgun"]
[Black "Yanik, Murat"]
[Result "1/2-1/2"]
[WhiteElo "2085"]
[BlackElo "1785"]
[PlyCount "60"]
[EventDate "2016.01.30"]
[EventType "swiss"]
[EventRounds "11"]
[EventCountry "TUR"]
[SourceTitle "CBM 170 Extra"]
[Source "ChessBase"]
[SourceDate "2016.02.25"]
[SourceVersion "1"]
[SourceVersionDate "2016.02.25"]
[SourceQuality "1"]

1. e4 b6 2. d4 Bb7 3. Nc3 e6 4. Nf3 Bb4 5. Bd3 Nf6 6. Qe2 Bxc3+ 7. bxc3 d6 8. Bg5 h6 9. Bh4 Nbd7 10. 0-0 e5 11. Rfd1 Qe7 12. Bb5 g5 13. dxe5 dxe5 14. Bg3 0-0-0 15. Ba6 Nh5 16. Bxb7+ Kxb7 17. a4 Nxg3 18. hxg3 a5 19. Rdb1 f6 20. Nd2 Nc5 21. Nc4 Ra8 22. Rb5 Rhd8 23. Rab1 Nxa4 24. Nxa5+ Kc8 25. Qc4 Rxa5 26. Rxa5 bxa5 27. Qxa4 Qc5 28. Rb5 Rd1+ 29. Kh2 Qd6 30. Rxa5 Rh1+ 1/2-1/2

[Event "Manavgat Turkey Cup"]
[Site "Manavgat"]
[Date "2016.01.30"]
[Round "1"]
[White "Macit, Yalcin"]
[Black "Yanik, Murat"]
[Result "0-1"]
[WhiteElo "1523"]
[BlackElo "1785"]
[PlyCount "68"]
[EventDate "2016.01.30"]
[EventType "swiss"]
[EventRounds "11"]
[EventCountry "TUR"]
[SourceTitle "CBM 170 Extra"]
[Source "ChessBase"]
[SourceDate "2016.02.25"]
[SourceVersion "1"]
[SourceVersionDate "2016.02.25"]
[SourceQuality "1"]

1. d4 b6 2. Bf4 Bb7 3. e3 e6 4. Nf3 Nf6 5. c4 Bb4+ 6. Nc3 Bxc3+ 7. bxc3 d6 8. Bd3 Nbd7 9. h3 h6 10. 0-0 g5 11. Bg3 g4 12. hxg4 Nxg4 13. e4 Qf6 14. Re1 Qg7 15. Qe2 Rg8 16. e5 Nxf2 17. Qxf2 Qxg3 18. Qxg3 Rxg3 19. Kf2 Rg7 20. Be4 0-0-0 21. exd6 cxd6 22. Bxb7+ Kxb7 23. Rh1 Nf6 24. Rh4 h5 25. Rb1 Rdg8 26. Ne1 Rg4 27. Rh3 h4 28. Rb3 Ne4+ 29. Ke3 f5 30. a4 Rg3+ 31. Rxg3 Rxg3+ 32. Nf3 Rxg2 33. Nxh4 Rg3+ 34. Nf3 Rxf3+ 0-1